[Event "Int. Meisterturnier Sindelfingen 1984"]
[Site "Sindelfingen"]
[Date "1984.10.24"]
[Round "5"]
[White "Rocher, Olivier"]
[Black "Berg, Klaus"]
[Result "1/2-1/2"]
[WhiteElo "2260"]
[BlackElo "2375"]
[PlyCount "48"]
[EventDate "1984.??.??"]
[EventType "tourn"]

1. d4 Nf6 2. c4 e6 3. g3 c5 4. Nf3 a6 5. Bg2 b5 6. Ne5 Ra7 7. dxc5 bxc4 8. Nxc4
Bxc5 9. Bf4 Bb7 10. Bd6 Bxg2 11. Bxc5 Ne4 12. Bxa7 Bxh1 13. f3 Qc7 14. Bxb8
Qxc4 15. fxe4 Qb4+ 16. Nd2 Qxb8 17. Kf2 Qb6+ 18. e3 Bxe4 19. Nxe4 Qxb2+ 20. Kg1
O-O 21. Qd4 Qc2 22. Rf1 d5 23. Ng5 h6 24. Nf3 Qxa2 1/2-1/2

[Event "Int. Meisterturnier Sindelfingen 1984"]
[Site "Sindelfingen"]
[Date "1984.10.24"]
[Round "5"]
[White "Lau, Ralf"]
[Black "Bischoff, Klaus"]
[Result "1/2-1/2"]
[WhiteElo "2400"]
[BlackElo "2415"]
[PlyCount "67"]
[EventDate "1984.??.??"]
[EventType "tourn"]

1. e4 e6 2. d4 d5 3. Nd2 Nf6 4. e5 Nfd7 5. c3 c5 6. Bd3 Nc6 7. Ne2 cxd4 8. cxd4
f6 9. Nf4 Nxd4 10. Qh5+ Ke7 11. Ng6+ hxg6 12. exf6+ Nxf6 13. Qxh8 Kf7 14. O-O
e5 15. Nb3 Nf5 16. Bg5 Be6 17. Rac1 Qb6 18. Nc5 e4 19. Nxe6 Kxe6 20. Bb1 Rd8
21. Qh3 Kf7 22. Kh1 Re8 23. g4 Nd6 24. f3 Kg8 25. Bxf6 gxf6 26. b3 Kg7 27. fxe4
dxe4 28. Qc3 Re5 29. g5 Be7 30. gxf6+ Bxf6 31. Qc7+ Re7 32. Qxb6 axb6 33. Rfe1
Bd4 34. Rcd1 1/2-1/2

[Event "Int. Meisterturnier Sindelfingen 1984"]
[Site "Sindelfingen"]
[Date "1984.10.24"]
[Round "5"]
[White "Ostermeyer, Peter"]
[Black "Bauer, Peter"]
[Result "1-0"]
[WhiteElo "2470"]
[BlackElo "2200"]
[PlyCount "109"]
[EventDate "1984.??.??"]
[EventType "tourn"]

1. Nf3 Nf6 2. c4 e6 3. Nc3 b6 4. g3 Bb7 5. Bg2 c5 6. O-O Be7 7. d4 Ne4 8. Nxe4
Bxe4 9. d5 O-O 10. Bf4 Bf6 11. Qd2 Re8 12. Rad1 exd5 13. cxd5 d6 14. Ne1 Bxg2
15. Kxg2 Qe7 16. Nf3 Nd7 17. Rfe1 Ne5 18. Bxe5 Bxe5 19. Nxe5 Qxe5 20. e4 Qf6
21. f4 Rad8 22. Qe2 Rd7 23. e5 Rde7 24. Qb5 Qf5 25. Rd2 h6 26. Qc6 Rc8 27. Qa4
Rd8 28. Qe4 Qxe4+ 29. Rxe4 f6 30. e6 g6 31. f5 g5 32. h4 Kg7 33. Kf3 Rh8 34. a4
Rb8 35. Re1 b5 36. a5 b4 37. Rh2 c4 38. hxg5 fxg5 39. f6+ Kxf6 40. Rxh6+ Kg7
41. Reh1 Rg8 42. Ke4 Kf8 43. Kd4 Rc7 44. Rh7 Rgg7 45. Rf1+ Kg8 46. Rxg7+ Kxg7
47. Rc1 Rc5 48. a6 Ra5 49. Rf1 Rc5 50. e7 Rc8 51. Rf8 Rxf8 52. exf8=Q+ Kxf8 53.
Kxc4 Ke7 54. Kxb4 Kd7 55. Ka5 1-0

[Event "Int. Meisterturnier Sindelfingen 1984"]
[Site "Sindelfingen"]
[Date "1984.10.24"]
[Round "5"]
[White "Chevaldonnet, Francois"]
[Black "Sieglen, Joachim"]
[Result "0-1"]
[WhiteElo "2350"]
[BlackElo "2260"]
[PlyCount "50"]
[EventDate "1984.??.??"]
[EventType "tourn"]

1. e4 Nf6 2. Nc3 d5 3. exd5 Nxd5 4. Bc4 e6 5. Nf3 Be7 6. O-O O-O 7. Ne4 b6 8.
d4 Bb7 9. Qe2 Nd7 10. Ne5 c5 11. Nxd7 Qxd7 12. Bb5 Qc7 13. dxc5 bxc5 14. Bd2
Nf4 15. Bxf4 Qxf4 16. Ng3 Rad8 17. Rad1 g6 18. Bc4 h5 19. Rfe1 h4 20. Nf1 h3
21. gxh3 Bf3 22. Rxd8 Bxe2 23. Rxf8+ Kxf8 24. Bxe2 Bh4 25. Ng3 Qd2 0-1

[Event "Int. Meisterturnier Sindelfingen 1984"]
[Site "Sindelfingen"]
[Date "1984.10.24"]
[Round "5"]
[White "Schulz, Klaus Juergen"]
[Black "Duche, Jean"]
[Result "0-1"]
[WhiteElo "2365"]
[BlackElo "2200"]
[PlyCount "66"]
[EventDate "1984.??.??"]
[EventType "tourn"]

1. e4 d5 2. exd5 Nf6 3. d4 Nxd5 4. Nf3 Bg4 5. Be2 e6 6. O-O Be7 7. c4 Nb6 8.
Nc3 O-O 9. Be3 N8d7 10. c5 Nd5 11. Nxd5 exd5 12. Qb3 Nf6 13. Qxb7 Rb8 14. Qxa7
Rxb2 15. Rfe1 Ne4 16. Bf1 Bxf3 17. gxf3 Ng5 18. Bg2 Qd7 19. Rab1 Rxb1 20. Rxb1
Qf5 21. Rb8 Ne6 22. Rxf8+ Bxf8 23. Qb7 g5 24. h3 h5 25. a4 Bg7 26. a5 Nxd4 27.
a6 Ne2+ 28. Kh1 Qd3 29. Qb8+ Kh7 30. Bd2 Qxa6 31. Qb1+ Qg6 32. Qd1 Qd3 33. Bf1
Qxf3+ 0-1

[Event "Int. Meisterturnier Sindelfingen 1984"]
[Site "Sindelfingen"]
[Date "1984.10.25"]
[Round "6"]
[White "Cladouras, Panagiotis"]
[Black "Duche, Jean"]
[Result "1-0"]
[WhiteElo "2295"]
[BlackElo "2200"]
[PlyCount "83"]
[EventDate "1984.??.??"]
[EventType "tourn"]

1. e4 c6 2. d4 d5 3. Nd2 dxe4 4. Nxe4 Bf5 5. Ng3 Bg6 6. Nf3 Nd7 7. h4 h6 8. h5
Bh7 9. Bd3 Bxd3 10. Qxd3 Qc7 11. Bd2 Ngf6 12. O-O-O e6 13. Ne4 Nxe4 14. Qxe4
Nf6 15. Qe2 O-O-O 16. g3 Bd6 17. c4 Rhe8 18. Bc3 Qe7 19. Ne5 Nd7 20. Nxd7 Rxd7
21. a3 Qg5+ 22. Kb1 Be7 23. g4 Qf4 24. Rd3 Bf6 25. Bd2 Qc7 26. Be3 Red8 27.
Rhd1 Bg5 28. Bxg5 hxg5 29. Qe3 Qf4 30. Qxf4 gxf4 31. Kc2 Rd6 32. Kc3 R8d7 33.
Re1 c5 34. Red1 cxd4+ 35. Rxd4 Rxd4 36. Rxd4 e5 37. Rxd7 Kxd7 38. g5 Ke6 39. c5
Kf5 40. h6 gxh6 41. gxh6 Kg6 42. b4 1-0

[Event "Int. Meisterturnier Sindelfingen 1984"]
[Site "Sindelfingen"]
[Date "1984.10.25"]
[Round "6"]
[White "Weill, Roland"]
[Black "Schulz, Klaus Juergen"]
[Result "0-1"]
[WhiteElo "2245"]
[BlackElo "2365"]
[PlyCount "100"]
[EventDate "1984.??.??"]
[EventType "tourn"]

1. d4 d6 2. e4 g6 3. Nc3 Bg7 4. Be3 Nc6 5. h3 e5 6. Nf3 exd4 7. Nxd4 Nf6 8. Qd2
O-O 9. O-O-O Re8 10. f3 Bd7 11. g4 Nxd4 12. Bxd4 Bc6 13. Bc4 Qe7 14. Rhe1 Nd7
15. Bxg7 Kxg7 16. Nd5 Bxd5 17. exd5 Qf6 18. Rxe8 Rxe8 19. Bb5 Re7 20. Bxd7 Rxd7
21. f4 Re7 22. a3 Re4 23. Rf1 Qe7 24. f5 f6 25. g5 gxf5 26. gxf6+ Qxf6 27. Rg1+
Kh8 28. Kb1 b6 29. Qd3 Re8 30. Qc4 Qf7 31. Qc3+ Re5 32. Qc6 a5 33. Qc3 h6 34.
Qg3 Kh7 35. c4 f4 36. Qf3 Re3 37. Qf2 Qf5+ 38. Ka1 Qe5 39. Qc2+ Qe4 40. Qa4 Qe7
41. Qc2+ Qe4 42. Qa4 Qf5 43. Qd1 f3 44. Qd4 Qe5 45. Qg4 Re1+ 46. Rxe1 Qxe1+ 47.
Ka2 f2 48. Qd7+ Kg6 49. Qg4+ Kf6 50. Qd4+ Kf7 0-1

[Event "Int. Meisterturnier Sindelfingen 1984"]
[Site "Sindelfingen"]
[Date "1984.10.25"]
[Round "6"]
[White "Sieglen, Joachim"]
[Black "Gutman, Lev"]
[Result "0-1"]
[WhiteElo "2260"]
[BlackElo "2485"]
[PlyCount "40"]
[EventDate "1984.??.??"]
[EventType "tourn"]

1. d4 Nf6 2. c4 g6 3. Nc3 d5 4. Nf3 Bg7 5. e3 O-O 6. Be2 c5 7. O-O cxd4 8. exd4
Nc6 9. Bf4 Be6 10. c5 Ne4 11. Qa4 Bd7 12. Qb3 Bxd4 13. Qxd5 Bf5 14. Qxd8 Rfxd8
15. Nxe4 Bxe4 16. Nxd4 Nxd4 17. Bc4 Bd5 18. Rac1 Rac8 19. b4 Bxc4 20. Rxc4 b5
0-1

[Event "Int. Meisterturnier Sindelfingen 1984"]
[Site "Sindelfingen"]
[Date "1984.10.25"]
[Round "6"]
[White "Bauer, Peter"]
[Black "Chevaldonnet, Francois"]
[Result "1-0"]
[WhiteElo "2200"]
[BlackElo "2350"]
[PlyCount "61"]
[EventDate "1984.??.??"]
[EventType "tourn"]

1. e4 d5 2. exd5 Nf6 3. d4 Nxd5 4. c4 Nb6 5. Nf3 Bg4 6. c5 N6d7 7. Bc4 e6 8.
O-O Be7 9. Re1 O-O 10. h3 Bh5 11. Qb3 Bxf3 12. Qxf3 Nc6 13. Be3 Bf6 14. Qe4 e5
15. dxe5 Ndxe5 16. Nc3 Nxc4 17. Qxc4 Re8 18. Rad1 Qc8 19. Bf4 Be5 20. Nd5 h6
21. Bxe5 Nxe5 22. Qf4 c6 23. Rxe5 cxd5 24. Rdxd5 Qc6 25. Rd6 Qb5 26. b3 Rxe5
27. Qxe5 Re8 28. Qd5 Qa5 29. g3 Qb5 30. Rd7 Re1+ 31. Kh2 1-0

[Event "Int. Meisterturnier Sindelfingen 1984"]
[Site "Sindelfingen"]
[Date "1984.10.25"]
[Round "6"]
[White "Berg, Klaus"]
[Black "Lau, Ralf"]
[Result "1-0"]
[WhiteElo "2375"]
[BlackElo "2400"]
[PlyCount "36"]
[EventDate "1984.??.??"]
[EventType "tourn"]

1. e4 c5 2. Nf3 e6 3. d4 cxd4 4. Nxd4 Nc6 5. Nc3 d6 6. Be3 Nf6 7. Bc4 Be7 8.
Qe2 O-O 9. O-O-O a6 10. Bb3 Qe8 11. Rhg1 b5 12. g4 Nxd4 13. Bxd4 Bb7 14. g5 Nd7
15. Qh5 Nc5 16. Bf6 Kh8 17. Rg4 Bxf6 18. gxf6 g5 1-0

[Event "Int. Meisterturnier Sindelfingen 1984"]
[Site "Sindelfingen"]
[Date "1984.10.25"]
[Round "6"]
[White "Pachman, Ludek"]
[Black "Rocher, Olivier"]
[Result "1-0"]
[WhiteElo "2430"]
[BlackElo "2260"]
[PlyCount "97"]
[EventDate "1984.??.??"]
[EventType "tourn"]

1. d4 Nf6 2. c4 g6 3. Nc3 Bg7 4. e4 d6 5. f3 O-O 6. Be3 a6 7. Qd2 b6 8. Rd1 c5
9. dxc5 bxc5 10. Bxc5 Nc6 11. Be3 Qa5 12. Nge2 Be6 13. Nd4 Nxd4 14. Bxd4 Rfc8
15. Nd5 Qxd2+ 16. Rxd2 Bxd5 17. exd5 a5 18. Be2 Rab8 19. Kf2 a4 20. Rb1 Nd7 21.
Bxg7 Kxg7 22. b4 axb3 23. Rxb3 Nc5 24. Rxb8 Rxb8 25. Ke3 Kf8 26. Kd4 Ke8 27.
Bd1 Kd7 28. Kc3 Ra8 29. Bb3 Ra7 30. Re2 Ra8 31. g4 Rb8 32. h4 Ra8 33. Rb2 Kc7
34. Re2 Kd7 35. Re3 Rb8 36. f4 Ra8 37. g5 h6 38. Rf3 Rh8 39. Bc2 hxg5 40. hxg5
Rh5 41. a4 e6 42. dxe6+ Kxe6 43. a5 Kd7 44. Kb4 Kc7 45. Re3 Ne6 46. Bxg6 fxg6
47. Rxe6 Rh4 48. Rf6 Rg4 49. Kb5 1-0

[Event "Int. Meisterturnier Sindelfingen 1984"]
[Site "Sindelfingen"]
[Date "1984.10.26"]
[Round "7"]
[White "Rocher, Olivier"]
[Black "Cladouras, Panagiotis"]
[Result "1/2-1/2"]
[WhiteElo "2260"]
[BlackElo "2295"]
[PlyCount "105"]
[EventDate "1984.??.??"]
[EventType "tourn"]

1. d4 Nf6 2. c4 e6 3. Nc3 Bb4 4. g3 O-O 5. Bg2 d5 6. cxd5 exd5 7. Nf3 Re8 8.
O-O c6 9. Bd2 Nbd7 10. Re1 Bf8 11. Bf4 Nb6 12. Ne5 Be6 13. Rc1 Nfd7 14. Nxd7
Qxd7 15. Na4 Nxa4 16. Qxa4 Qd8 17. Bd2 Qb6 18. Bc3 Bf5 19. Qa5 Bd6 20. Bf3 Be4
21. Bxe4 Rxe4 22. e3 Bc7 23. Qxb6 axb6 24. a3 f5 25. Bb4 Ree8 26. Kg2 Kf7 27.
Red1 Ke6 28. Rd3 Kd7 29. Rh1 g6 30. Rc1 h6 31. Rh1 Rh8 32. Rc1 g5 33. Rh1 h5
34. h4 gxh4 35. Rxh4 Rag8 36. Rd1 Bd8 37. Rh3 h4 38. Rdh1 Bf6 39. Kf3 hxg3 40.
Rxh8 Rxh8 41. Rxh8 Bxh8 42. Kxg3 b5 43. Kf4 Ke6 44. Kg5 b6 45. f4 c5 46. dxc5
bxc5 47. Bxc5 Bxb2 48. Kg6 Bc1 49. Kg5 Bb2 50. Kg6 Bf6 51. Bb4 d4 52. exd4 Bxd4
53. Kg5 1/2-1/2

[Event "Int. Meisterturnier Sindelfingen 1984"]
[Site "Sindelfingen"]
[Date "1984.10.26"]
[Round "7"]
[White "Lau, Ralf"]
[Black "Pachman, Ludek"]
[Result "1/2-1/2"]
[WhiteElo "2400"]
[BlackElo "2430"]
[PlyCount "70"]
[EventDate "1984.??.??"]
[EventType "tourn"]

1. e4 e6 2. d4 d5 3. Nd2 a6 4. Ngf3 c5 5. exd5 exd5 6. dxc5 Bxc5 7. Nb3 Ba7 8.
Qe2+ Qe7 9. Bd2 Nc6 10. Bc3 f6 11. Nfd4 Nxd4 12. Bxd4 Bxd4 13. Nxd4 Bg4 14.
Qxe7+ Nxe7 15. h3 Bd7 16. O-O-O Kf7 17. g3 h5 18. h4 Bg4 19. Rd2 Rac8 20. Bg2
Rhd8 21. Re1 Rd6 22. f3 Bd7 23. f4 Bg4 24. Re3 g6 25. Red3 Rc7 26. a3 Bd7 27.
c3 Kf8 28. Kd1 a5 29. Ke1 Rb6 30. Kf2 a4 31. Ke1 Bg4 32. Re3 Kf7 33. Kf2 Rc5
34. Red3 Bd7 35. Ke1 Bg4 1/2-1/2

[Event "Int. Meisterturnier Sindelfingen 1984"]
[Site "Sindelfingen"]
[Date "1984.10.26"]
[Round "7"]
[White "Chevaldonnet, Francois"]
[Black "Bischoff, Klaus"]
[Result "1/2-1/2"]
[WhiteElo "2350"]
[BlackElo "2415"]
[PlyCount "28"]
[EventDate "1984.??.??"]
[EventType "tourn"]

1. e4 c5 2. Nf3 d6 3. d4 cxd4 4. Nxd4 Nf6 5. Nc3 Nc6 6. Bg5 e6 7. Qd2 a6 8.
O-O-O h6 9. Bf4 Bd7 10. Nxc6 Bxc6 11. Qe1 Qa5 12. f3 Rd8 13. Bc4 Be7 14. Bb3 b5
1/2-1/2

[Event "Int. Meisterturnier Sindelfingen 1984"]
[Site "Sindelfingen"]
[Date "1984.10.26"]
[Round "7"]
[White "Gutman, Lev"]
[Black "Bauer, Peter"]
[Result "1-0"]
[WhiteElo "2485"]
[BlackElo "2200"]
[PlyCount "81"]
[EventDate "1984.??.??"]
[EventType "tourn"]

1. Nf3 Nf6 2. g3 g6 3. Bg2 Bg7 4. O-O O-O 5. c4 d6 6. d4 c5 7. Nc3 Nc6 8. d5
Na5 9. Nd2 e5 10. b3 Ng4 11. Bb2 f5 12. Qc2 a6 13. Rae1 Rb8 14. Nd1 b5 15. f3
Nf6 16. e4 fxe4 17. fxe4 Bd7 18. Bc3 b4 19. Bb2 Nb7 20. Nf2 Bh6 21. Bh3 Bxh3
22. Nxh3 Qd7 23. Nf2 Ng4 24. Nxg4 Qxg4 25. Bc1 a5 26. Qd3 Rxf1+ 27. Nxf1 Bxc1
28. Rxc1 a4 29. Kg2 axb3 30. axb3 Ra8 31. Rc2 Ra3 32. Rf2 Na5 33. h3 Qh5 34.
Nh2 Qg5 35. Ng4 Nxb3 36. Nf6+ Kh8 37. h4 Qh6 38. Ng4 Qg7 39. Qf1 Kg8 40. Rf7
Ra2+ 41. Kh3 1-0

[Event "Int. Meisterturnier Sindelfingen 1984"]
[Site "Sindelfingen"]
[Date "1984.10.26"]
[Round "7"]
[White "Schulz, Klaus Juergen"]
[Black "Sieglen, Joachim"]
[Result "1/2-1/2"]
[WhiteElo "2365"]
[BlackElo "2260"]
[PlyCount "101"]
[EventDate "1984.??.??"]
[EventType "tourn"]

1. c4 g6 2. Nc3 Bg7 3. g3 d6 4. Bg2 Nc6 5. e3 e5 6. Nge2 Nge7 7. O-O O-O 8. d3
Be6 9. Nd5 Qd7 10. Rb1 Nd8 11. b4 Nxd5 12. cxd5 Bh3 13. b5 Bxg2 14. Kxg2 a6 15.
a4 axb5 16. axb5 b6 17. Qc2 Ra7 18. Bd2 f5 19. e4 f4 20. f3 fxg3 21. hxg3 h5
22. Ng1 Nb7 23. Be3 Nc5 24. Bxc5 dxc5 25. Rb2 Bh6 26. Qe2 Ra5 27. Rfb1 Kh7 28.
Nh3 Ra3 29. Rf1 Ra5 30. f4 exf4 31. Nxf4 Rxb5 32. Rxb5 Qxb5 33. Ne6 Rxf1 34.
Qxf1 Qd7 35. Qf6 Bg7 36. Ng5+ Kh6 37. Nf7+ Kh7 38. Ng5+ Kh6 39. Qf4 Qg4 40.
Ne6+ Kh7 41. Qxg4 hxg4 42. Nxc7 Kg8 43. Nb5 Kf8 44. Nd6 Bd4 45. Nb5 Bg7 46. Na7
Bc3 47. Kf2 Bd4+ 48. Ke2 Be5 49. Kf2 Bd4+ 50. Kg2 Bc3 51. Kf2 1/2-1/2

[Event "Int. Meisterturnier Sindelfingen 1984"]
[Site "Sindelfingen"]
[Date "1984.10.26"]
[Round "7"]
[White "Duche, Jean"]
[Black "Weill, Roland"]
[Result "1/2-1/2"]
[WhiteElo "2200"]
[BlackElo "2245"]
[PlyCount "75"]
[EventDate "1984.??.??"]
[EventType "tourn"]

1. c4 e5 2. Nc3 Nc6 3. Nf3 g6 4. d4 exd4 5. Nd5 Bg7 6. Bg5 Nce7 7. Nxd4 c6 8.
Nc3 Nf6 9. Qd2 O-O 10. e4 d5 11. exd5 cxd5 12. Be2 dxc4 13. O-O h6 14. Bf4 g5
15. Be3 Ng4 16. Rad1 a6 17. f4 Nxe3 18. Qxe3 Bxd4 19. Qxd4 Qxd4+ 20. Rxd4 Be6
21. fxg5 hxg5 22. Bxc4 Nf5 23. Rg4 Ng7 24. Bxe6 Nxe6 25. Nd5 Rad8 26. Nf6+ Kg7
27. h4 Rd2 28. hxg5 Rxb2 29. a4 Rd8 30. Nh5+ Kg6 31. Nf4+ Nxf4 32. Rgxf4 Rd7
33. Rf6+ Kg7 34. R1f4 Rc2 35. Kh2 Rc5 36. Rg4 Rdd5 37. Rgf4 Rc7 38. Rg4 1/2-1/2

[Event "Int. Meisterturnier Sindelfingen 1984"]
[Site "Sindelfingen"]
[Date "1984.10.28"]
[Round "8"]
[White "Cladouras, Panagiotis"]
[Black "Weill, Roland"]
[Result "0-1"]
[WhiteElo "2295"]
[BlackElo "2245"]
[PlyCount "79"]
[EventDate "1984.??.??"]
[EventType "tourn"]

1. e4 e5 2. Nf3 Nc6 3. Bb5 a6 4. Ba4 d6 5. Bxc6+ bxc6 6. d4 f6 7. O-O Ne7 8.
Re1 Ng6 9. Nbd2 Be7 10. Qe2 Be6 11. Nb3 O-O 12. c4 a5 13. a4 Qb8 14. Qc2 f5 15.
Bg5 fxe4 16. Bxe7 Nxe7 17. Ng5 Bf5 18. Qc3 exd4 19. Nxd4 c5 20. Nxf5 Nxf5 21.
Rxe4 Qb7 22. Rae1 Rab8 23. Qxa5 Qxb2 24. Qxc7 Nh4 25. Nh3 Qf6 26. Qe7 Qxe7 27.
Rxe7 Rb4 28. Ra1 Ra8 29. Ng5 h6 30. Ne6 Nf5 31. Rd7 Re8 32. Rd8 Rxd8 33. Nxd8
Nd4 34. Re1 Rb8 35. Re8+ Kh7 36. g3 Nc6 37. a5 Rxd8 38. Rxd8 Nxd8 39. a6 Nc6
40. f4 0-1

[Event "Int. Meisterturnier Sindelfingen 1984"]
[Site "Sindelfingen"]
[Date "1984.10.28"]
[Round "8"]
[White "Sieglen, Joachim"]
[Black "Duche, Jean"]
[Result "1-0"]
[WhiteElo "2260"]
[BlackElo "2200"]
[PlyCount "81"]
[EventDate "1984.??.??"]
[EventType "tourn"]

1. d4 Nf6 2. c4 g6 3. Nc3 d5 4. Nf3 Bg7 5. Bg5 Ne4 6. cxd5 Nxg5 7. Nxg5 e6 8.
Nf3 exd5 9. e3 O-O 10. Be2 c6 11. O-O Qe7 12. Ne1 Be6 13. Nd3 Nd7 14. Rc1 Nf6
15. Nc5 Ne8 16. b4 b5 17. a4 a6 18. Nb1 Bf5 19. Nd2 Nd6 20. Ndb3 Nc4 21. Ra1
Rfe8 22. Qc1 Bh6 23. Qc3 Qh4 24. g3 Qh3 25. Bf3 Bg4 26. Bg2 Qh5 27. Rfe1 Bf3
28. Na5 Bxg2 29. Kxg2 Rec8 30. Nd7 Qf5 31. Nxc4 bxc4 32. Nb6 Rab8 33. Nxc8 Qxc8
34. Rab1 Rb7 35. e4 Qb8 36. exd5 cxd5 37. Re5 Rd7 38. Qf3 Qb7 39. Qf6 Bf8 40.
Re8 Qc7 41. Rxf8+ 1-0

[Event "Int. Meisterturnier Sindelfingen 1984"]
[Site "Sindelfingen"]
[Date "1984.10.28"]
[Round "8"]
[White "Bauer, Peter"]
[Black "Schulz, Klaus Juergen"]
[Result "1/2-1/2"]
[WhiteElo "2200"]
[BlackElo "2365"]
[PlyCount "38"]
[EventDate "1984.??.??"]
[EventType "tourn"]

1. e4 c5 2. Nf3 e6 3. d4 cxd4 4. Nxd4 Nc6 5. Nc3 d6 6. Be3 Nf6 7. Bc4 Be7 8.
Qe2 O-O 9. O-O-O a6 10. g4 Ne5 11. Bb3 Nexg4 12. Rhg1 Nxe3 13. Qxe3 Qc7 14. Qh6
g6 15. e5 dxe5 16. Nf5 exf5 17. Rxg6+ hxg6 18. Rg1 Ng4 19. Rxg4 fxg4 1/2-1/2

[Event "Int. Meisterturnier Sindelfingen 1984"]
[Site "Sindelfingen"]
[Date "1984.10.28"]
[Round "8"]
[White "Bischoff, Klaus"]
[Black "Gutman, Lev"]
[Result "0-1"]
[WhiteElo "2415"]
[BlackElo "2485"]
[PlyCount "74"]
[EventDate "1984.??.??"]
[EventType "tourn"]

1. g3 Nf6 2. Bg2 d5 3. Nf3 g6 4. O-O Bg7 5. d3 O-O 6. c3 c5 7. Qa4 h6 8. Nbd2
Qc7 9. Re1 e5 10. e4 Be6 11. d4 exd4 12. exd5 Bxd5 13. cxd4 Nbd7 14. Nb3 c4 15.
Bf4 Qc8 16. Nbd2 a6 17. Rac1 b5 18. Qa5 Qb7 19. b3 cxb3 20. Rc7 Qb6 21. Qxb6
Nxb6 22. axb3 a5 23. Rc5 Nfd7 24. Rxb5 Bc6 25. Bf1 Nd5 26. Bd6 Rfd8 27. Ra1
Bxb5 28. Bxb5 N7b6 29. Bc5 Rdc8 30. Ra3 Nc3 31. Bd3 Bf8 32. Ne4 Nbd5 33. Ne5
Bxc5 34. Nxc5 Nb4 35. Ra1 Nxd3 36. Ncxd3 Ne2+ 37. Kg2 Nxd4 0-1

[Event "Int. Meisterturnier Sindelfingen 1984"]
[Site "Sindelfingen"]
[Date "1984.10.28"]
[Round "8"]
[White "Berg, Klaus"]
[Black "Chevaldonnet, Francois"]
[Result "0-1"]
[WhiteElo "2375"]
[BlackElo "2350"]
[PlyCount "84"]
[EventDate "1984.??.??"]
[EventType "tourn"]

1. e4 d5 2. exd5 Nf6 3. c4 c6 4. d4 cxd5 5. Nc3 Nc6 6. Bg5 e6 7. c5 Be7 8. Bb5
O-O 9. Nf3 Ne4 10. Bxe7 Nxe7 11. Bd3 f5 12. O-O Rf6 13. Rc1 Rh6 14. b4 Ng6 15.
g3 Bd7 16. a4 Qf6 17. b5 Rf8 18. Qe2 Be8 19. Rc2 Rh3 20. Ne5 Nxe5 21. dxe5 Qh6
22. Bxe4 fxe4 23. f4 Bh5 24. Qg2 Bf3 25. Rxf3 exf3 26. Qxf3 Qg6 27. Qg2 Rh6 28.
c6 Qf5 29. cxb7 Qf7 30. Ne2 Qxb7 31. Rc6 Rc8 32. Nd4 Rxc6 33. bxc6 Qb6 34. Qd2
g5 35. Qc3 Qb1+ 36. Kg2 Qe4+ 37. Nf3 g4 38. c7 gxf3+ 39. Kf1 Qb1+ 40. Kf2 Rxh2+
41. Ke3 Qg1+ 42. Kxf3 Qd1+ 0-1

[Event "Int. Meisterturnier Sindelfingen 1984"]
[Site "Sindelfingen"]
[Date "1984.10.28"]
[Round "8"]
[White "Pachman, Ludek"]
[Black "Ostermeyer, Peter"]
[Result "0-1"]
[WhiteElo "2430"]
[BlackElo "2470"]
[PlyCount "70"]
[EventDate "1984.??.??"]
[EventType "tourn"]

1. c4 e5 2. Nc3 Nf6 3. Nf3 Nc6 4. e3 Bb4 5. Qc2 Bxc3 6. Qxc3 Qe7 7. d3 d5 8.
cxd5 Nxd5 9. Qc2 Ndb4 10. Qc3 Nd4 11. Kd1 Nxf3 12. gxf3 Be6 13. Bd2 a5 14. b3
O-O 15. a3 Nc6 16. Rg1 Qh4 17. Rg3 Qxh2 18. Bg2 h5 19. Ke2 h4 20. Rg5 f6 21.
Rh1 Qxh1 22. Bxh1 fxg5 23. f4 exf4 24. Bxc6 bxc6 25. Qe5 Bg4+ 26. Kf1 fxe3 27.
Bxe3 Bf5 28. Qe7 h3 29. Bd4 Rf7 30. Qxg5 Re8 31. Kg1 Re6 32. Kh2 Bxd3 33. Bxg7
Rxf2+ 34. Kxh3 Bf1+ 35. Kh4 Rh2+ 0-1

[Event "Int. Meisterturnier Sindelfingen 1984"]
[Site "Sindelfingen"]
[Date "1984.10.28"]
[Round "8"]
[White "Rocher, Olivier"]
[Black "Lau, Ralf"]
[Result "0-1"]
[WhiteElo "2260"]
[BlackElo "2400"]
[PlyCount "58"]
[EventDate "1984.??.??"]
[EventType "tourn"]

1. Nf3 Nf6 2. c4 g6 3. Nc3 d5 4. d4 Bg7 5. cxd5 Nxd5 6. Bd2 O-O 7. Rc1 c5 8.
dxc5 Na6 9. e4 Ndb4 10. a3 Nd3+ 11. Bxd3 Qxd3 12. b4 Be6 13. Qc2 Rfd8 14. h3
Bc4 15. Qxd3 Bxd3 16. e5 Nc7 17. a4 Ne6 18. Be3 f6 19. exf6 exf6 20. g4 f5 21.
gxf5 gxf5 22. Rg1 f4 23. Bd2 a5 24. Nb5 axb4 25. Ng5 Nd4 26. Nxd4 Rxd4 27. Kd1
Re8 28. c6 Be2+ 29. Kc2 bxc6 0-1

[Event "Int. Meisterturnier Sindelfingen 1984"]
[Site "Sindelfingen"]
[Date "1984.10.29"]
[Round "9"]
[White "Lau, Ralf"]
[Black "Cladouras, Panagiotis"]
[Result "1-0"]
[WhiteElo "2400"]
[BlackElo "2295"]
[PlyCount "91"]
[EventDate "1984.??.??"]
[EventType "tourn"]

1. e4 e5 2. Nf3 Nc6 3. Bb5 a6 4. Ba4 Nf6 5. O-O Be7 6. Re1 b5 7. Bb3 d6 8. a4
Bb7 9. c3 O-O 10. d4 exd4 11. cxd4 d5 12. e5 Ne4 13. axb5 axb5 14. Rxa8 Bxa8
15. Qd3 Nb4 16. Qxb5 Bc6 17. Qe2 Qb8 18. Qd1 Qb6 19. Be3 Rb8 20. Nc3 Nd3 21.
Nxd5 Bxd5 22. Bxd5 Nxe1 23. Qxe1 Qg6 24. Qc1 c5 25. h4 Bf8 26. dxc5 Qf5 27. Qc4
Nxc5 28. Bxc5 Bxc5 29. Qxc5 Qb1+ 30. Kh2 Qxb2 31. Qe7 Rf8 32. e6 Qb8+ 33. Kh3
fxe6 34. Qxe6+ Kh8 35. Ng5 Rxf2 36. Nf7+ Rxf7 37. Qxf7 Qc8+ 38. Qe6 Qf8 39. g3
h6 40. Qg6 Qf1+ 41. Bg2 Qf8 42. Qc6 Qf5+ 43. Kh2 Qf8 44. Qa8 Qxa8 45. Bxa8 Kh7
46. Be4+ 1-0

[Event "Int. Meisterturnier Sindelfingen 1984"]
[Site "Sindelfingen"]
[Date "1984.10.29"]
[Round "9"]
[White "Chevaldonnet, Francois"]
[Black "Pachman, Ludek"]
[Result "1/2-1/2"]
[WhiteElo "2350"]
[BlackElo "2430"]
[PlyCount "50"]
[EventDate "1984.??.??"]
[EventType "tourn"]

1. e4 e5 2. Nf3 Nc6 3. Bb5 a6 4. Bxc6 dxc6 5. O-O Qd6 6. d3 Ne7 7. Be3 Ng6 8.
Nbd2 Be7 9. Re1 O-O 10. Nb3 a5 11. a4 Rd8 12. Bc5 Qd7 13. Qd2 b6 14. Bxe7 Qxe7
15. Qg5 f6 16. Qe3 c5 17. Nbd2 Nf4 18. g3 Ne6 19. b3 Qf7 20. Qe2 Qh5 21. Nd4
Qxe2 22. Nxe2 Nd4 23. Nxd4 Rxd4 24. Nc4 Be6 25. f3 Kf7 1/2-1/2

[Event "Int. Meisterturnier Sindelfingen 1984"]
[Site "Sindelfingen"]
[Date "1984.10.29"]
[Round "9"]
[White "Gutman, Lev"]
[Black "Berg, Klaus"]
[Result "1-0"]
[WhiteElo "2485"]
[BlackElo "2375"]
[PlyCount "71"]
[EventDate "1984.??.??"]
[EventType "tourn"]

1. Nf3 Nf6 2. g3 d5 3. Bg2 Bf5 4. d3 e6 5. O-O Be7 6. c4 c6 7. Nh4 Bg4 8. h3
Bh5 9. g4 Nfd7 10. cxd5 cxd5 11. Nf5 exf5 12. gxh5 Nf6 13. Qb3 Nbd7 14. Nc3 Nb6
15. a4 a5 16. Qb5+ Kf8 17. Bg5 d4 18. Nb1 Rc8 19. Qxa5 Rc5 20. Qa7 Nxh5 21.
Bxe7+ Kxe7 22. Qxb7+ Nd7 23. e3 dxe3 24. fxe3 Ng3 25. Re1 h5 26. Nc3 Rh6 27. d4
Rc8 28. Qb4+ Ke8 29. e4 f4 30. e5 Qh4 31. d5 Rg6 32. e6 Nc5 33. Qb5+ Ke7 34.
d6+ Kf6 35. d7 f3 36. Qxc5 1-0

[Event "Int. Meisterturnier Sindelfingen 1984"]
[Site "Sindelfingen"]
[Date "1984.10.29"]
[Round "9"]
[White "Schulz, Klaus Juergen"]
[Black "Bischoff, Klaus"]
[Result "1/2-1/2"]
[WhiteElo "2365"]
[BlackElo "2415"]
[PlyCount "24"]
[EventDate "1984.??.??"]
[EventType "tourn"]

1. e4 c5 2. Nf3 e6 3. d4 cxd4 4. Nxd4 Nc6 5. Nc3 Qc7 6. g3 a6 7. Bg2 Nf6 8. O-O
Be7 9. Re1 Nxd4 10. Qxd4 Bc5 11. Qd1 d6 12. Be3 Bxe3 1/2-1/2